000
00249nam a2200097Ia 4500
001
984050
005
20250826221017.0
008
250824s9999 xx 000 0 und d
245
0
_a
Define Avı-Rafadan Tayfa 3
_c
anonim
260
_b
ERDEM ÇOCUK YAYINLARI
999
_c
984050
_d
984050